<?xml version="1.0" encoding="UTF-8"?>
<collection xmlns:xsi="http://www.w3.org/2001/XMLSchema-instance" xsi:schemaLocation="http://www.loc.gov/MARC21/slim http://www.loc.gov/standards/marcxml/schema/MARC21slim.xsd" xmlns="http://www.loc.gov/MARC21/slim">
 <record>
  <leader>00000caa a22000003a 4500</leader>
  <controlfield tag="001">UP-8027390931312519013</controlfield>
  <controlfield tag="003">Buklod</controlfield>
  <controlfield tag="005">20200325214949.0</controlfield>
  <controlfield tag="006">o--- |     ||   ||</controlfield>
  <controlfield tag="007">ta</controlfield>
  <controlfield tag="008">200325s        xx     d     r    |||| u|</controlfield>
  <datafield tag="022" ind1=" " ind2=" ">
   <subfield code="a">0022-3514</subfield>
  </datafield>
  <datafield tag="035" ind1=" " ind2=" ">
   <subfield code="a">(iLib)UPCEB-00011919410</subfield>
  </datafield>
  <datafield tag="040" ind1=" " ind2=" ">
   <subfield code="a">edz</subfield>
  </datafield>
  <datafield tag="100" ind1="0" ind2=" ">
   <subfield code="a">Botti, Simona</subfield>
  </datafield>
  <datafield tag="245" ind1="0" ind2="4">
   <subfield code="a">The Psychological Pleasure and Pain of Choosing</subfield>
   <subfield code="b">When People Prefer Choosing at the Cost of Subsequent Outcome Satisfaction. [article].</subfield>
  </datafield>
  <datafield tag="300" ind1=" " ind2=" ">
   <subfield code="a">pp.312-326.</subfield>
  </datafield>
  <datafield tag="520" ind1=" " ind2=" ">
   <subfield code="a">This empirical investigation tested the hypotesis that the benefits of personal choosing are restricted to choices made from among attractive alternatives. Findings from vignette and laboratory studies shows that contrary to people's self-predictions prior to to actually choosing, choosers only proved more satisfied than nonchoosers when selecting from among more preffered alternatives. When selecting from among less preffered alternatives, nonchoosers proved more satisfied with the decision outcome than choosers. Subsequent analyses revealed that differences in outcome satisfaction between choosers and nonchoosers emerge even before the decision outcome is experienced and that interventions during the decision-making process can serve to attenuate these differences. Theoretical and practical implications are discussed. -- (from the author)</subfield>
  </datafield>
  <datafield tag="650" ind1="1" ind2="7">
   <subfield code="a">Psychology-Periodicals.</subfield>
  </datafield>
  <datafield tag="773" ind1="0" ind2=" ">
   <subfield code="a">Journal of Personality and Social Psychology vol. 87, 3 (2004).</subfield>
  </datafield>
  <datafield tag="942" ind1=" " ind2=" ">
   <subfield code="a">Analytics</subfield>
  </datafield>
 </record>
</collection>
